[Event "Sachsen-Anhalt-ch op"]
[Site "Magdeburg"]
[Date "2021.10.29"]
[Round "4"]
[White "Heyne, Jan Hendrik"]
[Black "Herter, Arne"]
[Result "1/2-1/2"]
[WhiteElo "1847"]
[BlackElo "1767"]
[PlyCount "119"]
[EventDate "2021.10.28"]
[EventType "swiss"]
[EventRounds "7"]
[EventCountry "GER"]
[SourceTitle "CBM 205 Extra"]
[Source "ChessBase"]
[SourceDate "2022.01.31"]
[SourceVersion "1"]
[SourceVersionDate "2022.01.31"]
[SourceQuality "1"]

1. d4 Nf6 2. Nf3 g6 3. Bf4 Bg7 4. e3 0-0 5. Bd3 d6 6. c3 c5 7. 0-0 b6 8. Nbd2 Nbd7 9. h3 Bb7 10. Qe2 a6 11. Bh2 Ra7 12. e4 cxd4 13. cxd4 b5 14. Rac1 Qb6 15. Bf4 Raa8 16. Be3 Rfc8 17. b4 Rxc1 18. Rxc1 Rc8 19. Rxc8+ Bxc8 20. Nb3 Qc6 21. Qc2 Bb7 22. Qxc6 Bxc6 23. d5 Ba8 24. Nbd4 Nf8 25. Nd2 e6 26. dxe6 fxe6 27. Bc2 Kf7 28. f3 N8d7 29. Bb3 d5 30. Bf2 Ke7 31. Bh4 Bh6 32. Nf1 e5 33. Ne2 dxe4 34. fxe4 g5 35. Be1 Nxe4 36. Ne3 Nd6 37. Ng3 Bg7 38. Bc3 Bf6 39. Ngf5+ Nxf5 40. Nxf5+ Kf8 41. Be6 Nb6 42. Ne3 Kg7 43. Ng4 Bd5 44. Bf5 Bxa2 45. Nxf6 Kxf6 46. Bxh7 Na4 47. Bd2 Bd5 48. Kf2 Nb2 49. g3 Nc4 50. Bc3 Be6 51. h4 gxh4 52. gxh4 Bf5 53. Bg8 Nd6 54. Ke3 Be6 55. Bh7 Bd5 56. Bd3 Ke6 57. h5 Nf7 58. Bh7 Kf6 59. Bg8 Kf5 60. Bxf7 1/2-1/2

[Event "GER-ch U14"]
[Site "Willingen"]
[Date "2021.08.25"]
[Round "4"]
[White "Herter, Arne"]
[Black "Guo, Philipp Ziming"]
[Result "0-1"]
[WhiteElo "1740"]
[BlackElo "1728"]
[PlyCount "144"]
[EventDate "2021.08.22"]
[EventType "swiss"]
[EventRounds "9"]
[EventCountry "GER"]
[SourceTitle "EXT 2022"]
[Source "ChessBase"]
[SourceDate "2021.10.06"]
[SourceVersion "1"]
[SourceVersionDate "2021.10.06"]
[SourceQuality "1"]

1. e4 c5 2. Nf3 d6 3. d4 cxd4 4. Nxd4 Nf6 5. Nc3 a6 6. Qf3 g6 7. h3 Bg7 8. Be3 Nbd7 9. g4 0-0 10. 0-0-0 Nc5 11. Qg2 Ne6 12. f4 Bd7 13. f5 Nxd4 14. Bxd4 Bc6 15. h4 Nd7 16. fxg6 hxg6 17. g5 Bxd4 18. Rxd4 Ne5 19. h5 Kg7 20. Rd2 Qd7 21. hxg6 fxg6 22. Be2 Rh8 23. Nd5 Bxd5 24. exd5 Rxh1+ 25. Qxh1 Rh8 26. Qg1 Qa4 27. a3 Qe4 28. Bd1 Qf4 29. Qf2 Qxg5 30. Kb1 Rf8 31. Qd4 Qf4 32. Qc3 Qc4 33. Qh3 Qc8 34. Qg2 Qf5 35. Ka2 Qf4 36. Re2 Qc4+ 37. Kb1 Qd4 38. Rd2 Qf4 39. Ka2 g5 40. c3 Qc4+ 41. Bb3 Qg4 42. Qxg4 Nxg4 43. Rg2 Rf4 44. Bd1 Ne3 45. Rxg5+ Kf6 46. Rg1 Nxd5 47. Rg8 Nc7 48. Bb3 Rf5 49. Rf8+ Kg5 50. Rc8 Rc5 51. Bc2 Kf4 52. Bd3 Ne6 53. Rb8 Rc7 54. Bf1 Ke5 55. Bg2 d5 56. c4 Nf4 57. Bxd5 Nxd5 58. cxd5 Kxd5 59. b4 e5 60. Re8 e4 61. Kb3 Kd4 62. Rd8+ Ke3 63. Re8 Kd3 64. Rd8+ Ke2 65. Re8 e3 66. Kb2 Kd2 67. Rd8+ Ke1 68. Re8 e2 69. Re6 Rc6 70. Re8 Rc4 71. Kb3 b5 72. a4 Kf2 0-1

[Event "GER-ch U14"]
[Site "Willingen"]
[Date "2021.08.24"]
[Round "3"]
[White "Prieb, Robert"]
[Black "Herter, Arne"]
[Result "1-0"]
[WhiteElo "1950"]
[BlackElo "1740"]
[PlyCount "63"]
[EventDate "2021.08.22"]
[EventType "swiss"]
[EventRounds "9"]
[EventCountry "GER"]
[SourceTitle "EXT 2022"]
[Source "ChessBase"]
[SourceDate "2021.10.06"]
[SourceVersion "1"]
[SourceVersionDate "2021.10.06"]
[SourceQuality "1"]

1. d4 Nf6 2. c4 g6 3. Nc3 Bg7 4. e4 d6 5. Nf3 0-0 6. Be2 e5 7. 0-0 Bg4 8. Be3 Bxf3 9. Bxf3 exd4 10. Bxd4 Nc6 11. Be3 Re8 12. Re1 Nd7 13. Qd2 Bxc3 14. Qxc3 Qf6 15. Qd2 Nc5 16. Bg5 Qe5 17. Bf4 Qe6 18. b4 Nd7 19. Rac1 Nde5 20. Be2 b6 21. f3 a5 22. b5 Nd8 23. Bg3 Nb7 24. f4 Nd7 25. h3 Nbc5 26. Bf3 Rad8 27. Bh4 f6 28. e5 Kh8 29. exf6 Qf7 30. Bd5 Rxe1+ 31. Rxe1 Qf8 32. Qd4 1-0

[Event "GER-ch U14"]
[Site "Willingen"]
[Date "2021.08.23"]
[Round "2"]
[White "Herter, Arne"]
[Black "Zhou, Lepu Coco"]
[Result "1/2-1/2"]
[WhiteElo "1740"]
[BlackElo "2009"]
[PlyCount "119"]
[EventDate "2021.08.22"]
[EventType "swiss"]
[EventRounds "9"]
[EventCountry "GER"]
[SourceTitle "EXT 2022"]
[Source "ChessBase"]
[SourceDate "2021.10.06"]
[SourceVersion "1"]
[SourceVersionDate "2021.10.06"]
[SourceQuality "1"]

1. e4 e5 2. Nf3 Nc6 3. d4 exd4 4. Bc4 Nf6 5. 0-0 Nxe4 6. Re1 d5 7. Bxd5 Qxd5 8. Nc3 Qa5 9. Nxe4 Be6 10. Neg5 0-0-0 11. Nxe6 fxe6 12. Rxe6 Bd6 13. Bg5 Rdf8 14. Bh4 Qf5 15. Qe2 g5 16. Bg3 Bxg3 17. hxg3 h5 18. Rd1 h4 19. gxh4 gxh4 20. Nxd4 Nxd4 21. Rxd4 h3 22. Rde4 Qxf2+ 23. Qxf2 h2+ 24. Kh1 Rxf2 25. Re8+ Rxe8 26. Rxe8+ Kd7 27. Re3 Rxc2 28. Rb3 b6 29. a3 c5 30. Rd3+ Ke6 31. b3 b5 32. Kxh2 Ra2 33. a4 bxa4 34. bxa4 Rxa4 35. Kh3 Ke5 36. g4 c4 37. Rd8 c3 38. Rc8 Kd4 39. g5 Ra5 40. Kg4 Rc5 41. Rd8+ Rd5 42. Rc8 Kd3 43. g6 Rd7 44. Kf5 c2 45. Ke6 Rg7 46. Kf6 Rg8 47. Rc7 Rf8+ 48. Ke7 Rf3 49. g7 Rg3 50. Kf8 a5 51. Rd7+ Kc3 52. Rc7+ Kd2 53. Rd7+ Kc1 54. Ra7 Kb2 55. Rb7+ Ka3 56. Rc7 Rg2 57. g8Q Rxg8+ 58. Kxg8 Kb2 59. Rb7+ Kc1 60. Ra7 1/2-1/2

[Event "GER-ch U14"]
[Site "Willingen"]
[Date "2021.08.23"]
[Round "1"]
[White "Schwartz, Oliver"]
[Black "Herter, Arne"]
[Result "0-1"]
[WhiteElo "1896"]
[BlackElo "1740"]
[PlyCount "68"]
[EventDate "2021.08.22"]
[EventType "swiss"]
[EventRounds "9"]
[EventCountry "GER"]
[SourceTitle "EXT 2022"]
[Source "ChessBase"]
[SourceDate "2021.10.06"]
[SourceVersion "1"]
[SourceVersionDate "2021.10.06"]
[SourceQuality "1"]

1. d4 Nf6 2. c4 g6 3. Nc3 Bg7 4. e4 d6 5. Nf3 0-0 6. Be2 e5 7. 0-0 Nc6 8. d5 Ne7 9. b4 Nd7 10. c5 f5 11. Ba3 Nf6 12. Nd2 Rf7 13. Rc1 Bf8 14. f3 f4 15. Nb5 g5 16. cxd6 cxd6 17. Nc7 Rb8 18. Ne6 Bxe6 19. dxe6 Rg7 20. Nc4 b5 21. Na5 d5 22. exd5 Nfxd5 23. Rc5 Ne3 24. Qxd8 Rxd8 25. Rf2 N7d5 26. Nc6 Bxc5 27. Nxd8 Bb6 28. Nf7 Nc3 29. Nxe5 Nc2 30. Bb2 Nxe2+ 31. Kf1 Bxf2 32. Kxf2 Ned4 33. Ng4 Re7 34. Nh6+ Kf8 0-1

[Event "GER-chT Christmas U16 Steinitz"]
[Site "Playchess.com INT"]
[Date "2020.12.28"]
[Round "3.1"]
[White "Eilenberg, Jonas"]
[Black "Herter, Arne"]
[Result "1-0"]
[WhiteElo "2155"]
[BlackElo "1740"]
[PlyCount "69"]
[EventDate "2020.12.28"]
[EventType "team-swiss (blitz)"]
[EventRounds "7"]
[EventCountry "GER"]
[SourceTitle "CBM 200 Extra"]
[Source "ChessBase"]
[SourceDate "2021.03.31"]
[SourceVersion "1"]
[SourceVersionDate "2021.03.31"]
[SourceQuality "1"]
[WhiteTeam "Koenigsjaeger Sued West"]
[BlackTeam "Magdeburg Schachzwerge"]
[WhiteTeamCountry "GER"]
[BlackTeamCountry "GER"]

1. d4 b6 2. Nf3 Bb7 3. c4 e6 4. Nc3 Bb4 5. Bg5 Nf6 6. e3 h6 7. Bh4 0-0 8. Bd3 d5 9. cxd5 Bxd5 10. 0-0 Bb7 11. Rc1 Be7 12. Bg3 c5 13. dxc5 Bxc5 14. Qe2 Nc6 15. Rfd1 Qe7 16. Na4 Rfd8 17. Nxc5 bxc5 18. a3 Rac8 19. Bh4 Na5 20. Bc2 c4 21. Nd4 Ba8 22. f3 e5 23. Nf5 Qe6 24. Qf2 Rxd1+ 25. Rxd1 Nd5 26. Qg3 g5 27. Bxg5 hxg5 28. Qxg5+ Kf8 29. Qg7+ Ke8 30. e4 Qb6+ 31. Kh1 Qxb2 32. Ba4+ Bc6 33. Qg8+ Kd7 34. Qxf7+ Kd8 35. Qe7# 1-0

[Event "GER-chT Christmas U16 Steinitz"]
[Site "Playchess.com INT"]
[Date "2020.12.28"]
[Round "1.1"]
[White "Herter, Arne"]
[Black "Reindl, Jork"]
[Result "1-0"]
[WhiteElo "1740"]
[BlackElo "1713"]
[PlyCount "131"]
[EventDate "2020.12.28"]
[EventType "team-swiss (blitz)"]
[EventRounds "7"]
[EventCountry "GER"]
[SourceTitle "CBM 200 Extra"]
[Source "ChessBase"]
[SourceDate "2021.03.31"]
[SourceVersion "1"]
[SourceVersionDate "2021.03.31"]
[SourceQuality "1"]
[WhiteTeam "Magdeburg Schachzwerge"]
[BlackTeam "Spraitbach"]
[WhiteTeamCountry "GER"]
[BlackTeamCountry "GER"]

1. e4 e6 2. d4 d5 3. exd5 exd5 4. Nf3 Nf6 5. c4 c6 6. Bd3 Bd6 7. 0-0 0-0 8. Nc3 h6 9. Re1 Bg4 10. h3 Bh5 11. g4 Bg6 12. Ne5 Bxd3 13. Qxd3 Nbd7 14. cxd5 cxd5 15. Bf4 Nb6 16. Nb5 Bxe5 17. Bxe5 Nfd7 18. Bc7 Qf6 19. Rac1 Rac8 20. Nd6 Ra8 21. Nxb7 Nc4 22. b3 Qc6 23. bxc4 Qxc7 24. Nc5 Nxc5 25. dxc5 dxc4 26. Qxc4 Rac8 27. Qa6 Rfe8 28. Rxe8+ Rxe8 29. Qd6 Qxd6 30. cxd6 Rd8 31. Rc7 a6 32. d7 Kf8 33. Ra7 Ke7 34. Rxa6 Rxd7 35. Kg2 g6 36. a4 Kd8 37. Rc6 Rd4 38. a5 Ra4 39. Ra6 Kc7 40. Ra7+ Kd6 41. Rxf7 Rxa5 42. Rf6+ Ke7 43. Rxg6 h5 44. g5 Kf7 45. Rf6+ Kg7 46. f4 Ra3 47. Rh6 Ra4 48. Rxh5 Rxf4 49. h4 Re4 50. Rh6 Ra4 51. Kg3 Rb4 52. Rf6 Rc4 53. Rf4 Rc1 54. Kg4 Rc8 55. h5 Rc6 56. g6 Kh6 57. Kh4 Kg7 58. Rf7+ Kg8 59. Kg5 Rc5+ 60. Kh6 Rc6 61. Ra7 Kf8 62. Kh7 Rc7+ 63. Rxc7 Ke8 64. g7 Kd8 65. Ra7 Kc8 66. g8Q# 1-0

[Event "Prague Summer op-B 7th"]
[Site "Prague"]
[Date "2020.08.14"]
[Round "8"]
[White "Herter, Arne"]
[Black "Arnold, Frieda"]
[Result "1-0"]
[WhiteElo "1613"]
[BlackElo "1789"]
[PlyCount "45"]
[EventDate "2020.08.08"]
[EventType "swiss"]
[EventRounds "9"]
[EventCountry "CZE"]
[SourceTitle "EXT 2021"]
[Source "ChessBase"]
[SourceDate "2020.10.23"]
[SourceVersion "1"]
[SourceVersionDate "2020.10.23"]
[SourceQuality "1"]

1. e4 c5 2. Nc3 Nc6 3. Nge2 e5 4. Nd5 Nf6 5. Nec3 a6 6. a4 Nb4 7. Bc4 Rb8 8. a5 Nc6 9. d3 Nxd5 10. Bxd5 Be7 11. 0-0 0-0 12. f4 exf4 13. Bxf4 d6 14. Qh5 Bf6 15. g4 g6 16. Qh3 h5 17. Qg3 hxg4 18. Bxd6 Bh4 19. Qf4 Bg5 20. Bxf7+ Kg7 21. Bxf8+ Kxf8 22. Qg3 Kg7 23. Bd5 1-0

[Event "GER Pfingstopen U25"]
[Site "Playchess.com INT"]
[Date "2020.06.02"]
[Round "7"]
[White "Herter, Arne"]
[Black "Kern, Ludwig Maria"]
[Result "0-1"]
[WhiteElo "1493"]
[BlackElo "1487"]
[PlyCount "76"]
[EventDate "2020.06.02"]
[EventType "swiss (blitz)"]
[EventRounds "11"]
[EventCountry "GER"]
[SourceTitle "CBM 197 Extra"]
[Source "ChessBase"]
[SourceDate "2020.09.30"]
[SourceVersion "1"]
[SourceVersionDate "2020.09.30"]
[SourceQuality "1"]

1. e4 c5 2. Nf3 Nc6 3. d4 cxd4 4. Nxd4 e6 5. Nc3 Nf6 6. Be3 a6 7. f3 Bb4 8. Qd2 d5 9. e5 Nxe5 10. 0-0-0 Nc4 11. Bxc4 dxc4 12. g4 b5 13. a3 Bxc3 14. Qxc3 Nd5 15. Qd2 0-0 16. Nxe6 Bxe6 17. h4 Nxe3 18. Qxe3 Qf6 19. g5 Qf5 20. h5 Rfe8 21. Rhg1 Bd5 22. Qd4 Bb7 23. f4 Bf3 24. Rdf1 Rad8 25. Qc3 Bxh5 26. Rh1 Bg6 27. Rf2 Re6 28. Rfh2 Rde8 29. Kb1 Qxf4 30. Rxh7 Bxh7 31. Qh3 Re1+ 32. Rxe1 Rxe1+ 33. Ka2 Qf5 34. Qg2 Re8 35. Qc6 Qe4 36. Qxa6 Qxc2 37. a4 Qb3+ 38. Ka1 Re1# 0-1

[Event "GER Pfingstopen U25"]
[Site "Playchess.com INT"]
[Date "2020.06.02"]
[Round "2"]
[White "Herter, Arne"]
[Black "Schaefer, Konstantin"]
[Result "0-1"]
[WhiteElo "1493"]
[BlackElo "1668"]
[PlyCount "138"]
[EventDate "2020.06.02"]
[EventType "swiss (blitz)"]
[EventRounds "11"]
[EventCountry "GER"]
[SourceTitle "CBM 197 Extra"]
[Source "ChessBase"]
[SourceDate "2020.09.30"]
[SourceVersion "1"]
[SourceVersionDate "2020.09.30"]
[SourceQuality "1"]

1. e4 c5 2. Nf3 Nc6 3. d4 cxd4 4. Nxd4 g6 5. Nc3 Bg7 6. Be3 Nf6 7. Bc4 0-0 8. Bb3 d6 9. f3 Bd7 10. Qd2 Rc8 11. 0-0-0 Ne5 12. g4 Nc4 13. Bxc4 Rxc4 14. g5 Nh5 15. Nce2 Qb6 16. Nb3 Qa6 17. Kb1 Rfc8 18. Ng3 Rxc2 19. Qxc2 Rxc2 20. Kxc2 Qc4+ 21. Kb1 Ba4 22. Nxh5 gxh5 23. Bxa7 Bxb3 24. axb3 Qxb3 25. Bd4 Bxd4 26. Rxd4 Qxf3 27. Rc1 Qf2 28. Rb4 Qxh2 29. Rxb7 Qe5 30. Rb4 Kg7 31. Rbc4 Kg6 32. b4 Qxg5 33. Kb2 h4 34. Kb3 h3 35. Rd1 Qe3+ 36. Ka4 h2 37. Rcc1 Qxe4 38. Rh1 Qf4 39. Rcf1 Qd2 40. Rd1 Qa2+ 41. Kb5 d5 42. Kc5 Qc4+ 43. Kb6 Qxb4+ 44. Kc6 Qc4+ 45. Kd7 Qe4 46. Kc6 d4+ 47. Kc5 d3 48. Kb5 Qe2 49. Ka5 d2 50. Kb4 f5 51. Kb3 f4 52. Kc3 f3 53. Rxd2 Qe3+ 54. Kc2 f2 55. Rdd1 Qe2+ 56. Kc1 Kg5 57. Rdf1 Kg4 58. Kb1 Kg3 59. Ka1 Qxf1+ 60. Rxf1 Kg2 61. Rd1 f1Q 62. Rxf1 Kxf1 63. Ka2 h1Q 64. Ka1 Qe4 65. Ka2 Qb4 66. Ka1 Ke2 67. Ka2 Kd2 68. Ka1 Kc2 69. Ka2 Qa4# 0-1

[Event "GER Pfingstopen U25"]
[Site "Playchess.com INT"]
[Date "2020.06.02"]
[Round "6"]
[White "Koll, Linus"]
[Black "Herter, Arne"]
[Result "1-0"]
[WhiteElo "1620"]
[BlackElo "1493"]
[PlyCount "113"]
[EventDate "2020.06.02"]
[EventType "swiss (blitz)"]
[EventRounds "11"]
[EventCountry "GER"]
[SourceTitle "CBM 197 Extra"]
[Source "ChessBase"]
[SourceDate "2020.09.30"]
[SourceVersion "1"]
[SourceVersionDate "2020.09.30"]
[SourceQuality "1"]

1. e4 c5 2. Nf3 a6 3. c3 e6 4. d4 cxd4 5. cxd4 Be7 6. Bd3 Nf6 7. 0-0 0-0 8. Nbd2 d5 9. e5 Nfd7 10. Bb1 Nb6 11. Qc2 g6 12. Nb3 Re8 13. Qd2 Bf8 14. Qg5 Qxg5 15. Bxg5 Nc6 16. Bd3 Nb4 17. Rfd1 Bd7 18. Nc5 Bc6 19. a3 Nxd3 20. Rxd3 Rac8 21. b3 Bb5 22. Rc3 Nd7 23. Nxd7 Rxc3 24. Nf6+ Kg7 25. Nxe8+ Bxe8 26. Rb1 Bxa3 27. Bd2 Rd3 28. b4 Ba4 29. Ra1 b5 30. Ra2 Bb3 31. Rxa3 f6 32. h3 fxe5 33. Nxe5 Rxd2 34. Rxb3 Rd1+ 35. Kh2 Rxd4 36. Nc6 Rc4 37. Nb8 d4 38. Nxa6 e5 39. Nc5 Kf6 40. Kg3 Kf5 41. Kf3 g5 42. g4+ Kf6 43. Ke4 h6 44. Kd5 Rc2 45. Rf3+ Ke7 46. Kxe5 Re2+ 47. Ne4 d3 48. Rxd3 Rxf2 49. Nxf2 h5 50. gxh5 g4 51. hxg4 Kf7 52. g5 Kg7 53. Ng4 Kf7 54. Kf5 Ke7 55. g6 Kf8 56. Kf6 Kg8 57. Rd8# 1-0